| 000 | 00556nam a22001697a 4500 | ||
|---|---|---|---|
| 005 | 20231127104007.0 | ||
| 008 | 231127b |||||||| |||| 00| 0 eng d | ||
| 020 | _a0198764960 | ||
| 041 | _aEnglish | ||
| 082 | _a340.1 SUS | ||
| 100 |
_aSusskind, R _lEnglish |
||
| 245 |
_aThe Future of Law : _bFacing the Challenges of Information Technology / _cR Susskind |
||
| 260 |
_aNew York : _b Oxford University Press Inc. _c1996 |
||
| 300 |
_blxvii, 309 pages ; _c24 cm. |
||
| 650 |
_aLegal practice _bLaw |
||
| 942 |
_cBK _6ALISON_BN_VRIES |
||
| 999 |
_c977 _d977 |
||